00961naa a22002537a 4500001001000000003000900010005001700019007000300036008003400039040005400073041000900127072001900136100002000155100002300175111009000198245005200288260004200340500013900382650000900521650001300530650001800543650001000561773013600571BR9605507BR-BrBNA20240918181658.0ta230509b bl.||||| |||| 00| 0 por d aBR-BrBNAbporcBiblioteca Nacional de Agricultura a(Pt) aF30; F01b21201 aPereira, J.B.D.1 aAraujo Neto, K. de1 a12. Congresso Brasileiro de Pesquisas CafeeirascCaxambu, MG (Brazil)d28-31 Oct 19851 aOscilacao de produtividade de genotipos de cafe3 aRio de Janeiro, RJ (Brasil): c1985.  a12. Congresso Brasileiro de Pesquisas Cafeeiras. Trabalhos apresentados Rio de Janeiro, RJ (Brasil): 1985. p. 74-75 (BR9605507-AM)F30  aCafe aGenotipo aProdutividade aClone0 t12. Congresso Brasileiro de Pesquisas Cafeeiras. Trabalhos apresentadoswF30 BR9605507gRio de Janeiro, RJ (Brasil), 1985. p. 74-75